| 000 | 00717cam a22002293a 4500 | ||
|---|---|---|---|
| 001 | 31059 | ||
| 003 | PGUSA | ||
| 005 | 20140828083655.0 | ||
| 008 | 100124s2010||||xxu|||||s|||||000 | eng d | ||
| 040 |
_aPGUSA _beng |
||
| 042 | _adc | ||
| 050 | 4 | _aTJ | |
| 245 | 1 | 0 |
_aVerklaring van het stoomwerktuig : _bzijnde eene algemeen bevattelijke beschrijving van deszelfs onderscheidene deelen, zamenstelling en werking. _h[electronic resource] |
| 260 |
_bProject Gutenberg, _c2010 |
||
| 506 | _aPublic domain in the USA. | ||
| 516 | _aElectronic text | ||
| 653 | _aSteam-engines | ||
| 700 | 1 | _aBosch, D. van den | |
| 830 | 0 |
_aProject Gutenberg _v31059 |
|
| 856 | 4 | 0 | _uhttp://www.gutenberg.org/ebooks/31059 |
| 942 | _cEB | ||
| 999 |
_c260314 _d260314 |
||